书目信息 |
| 题名: |
基本养老保险制度分析与评估
|
|
| 作者: | 李珍 著 | |
| 分册: | ||
| 出版信息: | 北京 人民出版社 2013 |
|
| 页数: | 256页 | |
| 开本: | 23cm | |
| 丛书名: | ||
| 单 册: | ||
| 中图分类: | F842.612 | |
| 科图分类: | ||
| 主题词: | 养老保险制度--研究--中国 , 养老保险制度 | |
| 电子资源: | ||
| ISBN: | 978-7-01-012193-2 | |
| 000 | 01082nam0 2200265 450 | |
| 001 | 523 | |
| 005 | 20140909165905.79 | |
| 010 | @a978-7-01-012193-2@dCNY35.00 | |
| 100 | @a20130813d2013 em y0chiy50 ea | |
| 101 | 0 | @achi |
| 102 | @aCN@b110000 | |
| 105 | @ay z 000yy | |
| 106 | @ar | |
| 200 | 1 | @a基本养老保险制度分析与评估@AJi Ben Yang Lao Bao Xian Zhi Du Fen Xi Yu Ping Gu@e基于养老金水平的视角@EJi Yu Yang Lao Jin Shui Ping De Shi Jiao@f李珍著@FLi Zhen Zhu |
| 210 | @a北京@c人民出版社@d2013 | |
| 215 | @a256页@d23cm | |
| 300 | @a国家“985工程优势学科创新平台”项目专项经费资助 | |
| 330 | @a本书以退休金的社会平均替代率为视角,以制度设定的目标替代率为标准,以定性和定量分析为方法,研究了基本养老保险社会统筹和个人账户相结合的制度结构以及制度规定的各参量对退休金水平的影响。 | |
| 517 | 1 | @a基于养老金水平的视角@AJi Yu Yang Lao Jin Shui Ping De Shi Jiao |
| 606 | 0 | @a养老保险制度@x研究@y中国 |
| 606 | 0 | @a养老保险制度 |
| 690 | @aF842.612@v5 | |
| 701 | 0 | @a李珍@ALi Zhen@c(女,@f1956~)@4著 |
| 801 | 0 | @aCN@bTANGWEI@c20140603 |
| 905 | @b0841517-19@dF842.612@e105@f3 | |
| 基本养老保险制度分析与评估:基于养老金水平的视角/李珍著.-北京:人民出版社,2013 |
| 256页;23cm |
| 国家“985工程优势学科创新平台”项目专项经费资助 |
| ISBN 978-7-01-012193-2:CNY35.00 |
| 本书以退休金的社会平均替代率为视角,以制度设定的目标替代率为标准,以定性和定量分析为方法,研究了基本养老保险社会统筹和个人账户相结合的制度结构以及制度规定的各参量对退休金水平的影响。 |
| ● |
| 相关链接 |
|
|
|
|
正题名:基本养老保险制度分析与评估
索取号:F842.612/105
 
预约/预借
| 序号 | 登录号 | 条形码 | 馆藏地/架位号 | 状态 | 备注 |
| 1 | 0841517 | 208415179 | 第一样本阅览室/ [索取号:F842.612/105] | 在馆 | |
| 2 | 0841518 | 208415188 | 密集书库-海洋学院/ [索取号:F842.612/105] | 在馆 | |
| 3 | 0841519 | 208415197 | 第一借阅区/ [索取号:F842.612/105] | 在馆 |